Chinese (Simplified) Translations #1 - Statistics

General Stats
  • This quiz has been taken 76 times
  • The average score is 11 of 15
Answer Stats
Hint Answer % Correct
你好/ni hao Hello
100%
我/wo I
97%
爸爸/ba ba Father
91%
爱/ai Love
88%
猫/mao Cat
80%
很/hen Very
78%
苹果/ping guo Apple
75%
黄/huang Yellow
74%
书/shu Book
72%
在/zai At
71%
睡觉/shui jiao Sleep
71%
便宜/pian yi Cheap
68%
公共汽车/gong gong qi che Bus
60%
裤子/ku zi Pants
60%
老鼠/lao shu Rat
51%
No matching quizzes found
Score Distribution
Percent of People with Each Score
Percentile by Number Answered
Your Score History
You have not taken this quiz